| 000 | 00468nam a2200157Ia 4500 | ||
|---|---|---|---|
| 999 |
_c18178 _d18178 |
||
| 003 | OSt | ||
| 005 | 20200606120052.0 | ||
| 008 | 190216s9999||||xx |||||||||||||| ||und|| | ||
| 040 | _cMESKC library | ||
| 082 |
_a491.4382421 _bKUM/S |
||
| 100 |
_aKumar, Sushil _9165 |
||
| 245 | 0 |
_aSamanya Hindi / _cSusheel Kumar |
|
| 260 |
_bPrayag Pustak Sadan _aAllahabad : _c1988. |
||
| 300 | _a390p | ||
| 942 |
_cBK _2ddc _h491.4382421 _iKUM/S _k491.4382421 _mKUM/S |
||